000
00311nam a22001217a 4500
020
_a
978 1 57808 571 2
082
_a
631.45 COS/MA
100
_a
Costantini ,Edoardo A C
245
_a
Manual of methods for soil and land evaluation
260
_a
Enfield
_b
Science Publishers
_c
2009
300
_a
549
942
_c
BK
999
_c
13836
_d
13836